Former Countries - Statistics

General Stats
  • This quiz has been taken 44 times
  • The average score is 11 of 15
Answer Stats
Picture Answer % Correct
Czechoslovakia
94%
USSR
94%
East Germany
89%
Texas
86%
West Germany
86%
North Vietnam
81%
Tibet
81%
Yugoslavia
81%
Ottoman Empire
72%
Prussia
72%
Hawaii
67%
South Vietnam
67%
Newfoundland
61%
C.S.A.
58%
Orange Free State
22%
No matching quizzes found
Score Distribution
Percent of People with Each Score
Percentile by Number Answered
Your Score History
You have not taken this quiz